000 00537cam a22002051 4500
001 he 68000720
003 DLC
005 20260227111455.0
008 840406s1967 is 000 0 heb
010 _ahe 68000720
035 _a(OCoLC)19153834
040 _aDLC
_cMH
_dCU
_dDLC
042 _apremarc
050 0 0 _aPJ5053.O34
_bS57
100 1 _aOgen, Y.,
_d1909-
245 1 0 _aShirim el ḳetseh toḥelet /
_cYitsḥaḳ ʻOgen.
260 _aTel Aviv :
_bAlef,
_c[1967]
300 _a93 p. ;
_c22 cm.
752 _aIsrael
_dTel Aviv
999 _c33049
_d33049